Desarrollo y desigualdad en Chile (1850-2009): historia de su economía política
Saved in:
| Main Author: | |
|---|---|
| Format: | Book |
| Language: | Spanish |
| Published: |
Santiago, Chile
Lom Ediciones
2018
|
| Series: | Colección Historia
|
| Subjects: | |
| Tags: |
Add Tag
No Tags, Be the first to tag this record!
|
MARC
| LEADER | 00000cam a2200000 a 4500 | ||
|---|---|---|---|
| 001 | UCC7907 | ||
| 003 | CL-VaPUC | ||
| 005 | 20230911145551.0 | ||
| 008 | 190520e20180000cl |||||||||||||||||spa|d | ||
| 020 | |a 9789560010650 | ||
| 040 | |c Pontificia Universidad Católica de Valparaíso | ||
| 082 | 0 | 4 | |a 330.983 ROD 2018 |2 21 |
| 100 | 0 | |a Rodríguez Weber, Javier E |e author |9 602644 | |
| 245 | 1 | 0 | |a Desarrollo y desigualdad en Chile (1850-2009): |b historia de su economía política |
| 260 | |a Santiago, Chile |b Lom Ediciones |c 2018 | ||
| 300 | |a 324 páginas | ||
| 490 | 0 | |a Colección Historia | |
| 583 | |a last modification |c 20190520 16:29:00 |k Rodrigo Vera | ||
| 650 | 7 | |a DESARROLLO ECONOMICO |2 CL-VaPUC |9 410148 |z CHILE | |
| 650 | 0 | |a Desigualdad |z CHILE |9 523161 | |
| 650 | 7 | |a HISTORIA DE CHILE |2 CL-VaPUC |9 602645 |y SIGLOS 19-20 | |
| 852 | |a BIBCUR | ||
| 942 | |c BK |2 ddc | ||
| 945 | |d 20190520 16:29:00 |a dcastane | ||
| 999 | |c 374420 |d 374418 | ||
| 952 | |0 0 |1 0 |2 ddc |3 erb |4 0 |6 330_983000000000000_ROD_2018 |7 0 |8 A |9 492944 |a BIBHIS |b BIBHIS |d 2019-05-08 |e 11 |g 12500.00 |i 5549329 |l 1 |o 330.983 ROD 2018 |p 5549329 |r 2025-03-19 |s 2025-03-12 |t 1 |v 12500.00 |w 2019-11-24 |y BK |z Catalogado en:20190520 |k HIS | ||